Normal view
MARC view
- Shekhar, Lekshmy
Entry Personal Name
001 - CONTROL NUMBER
- control field: 1969
003 - CONTROL NUMBER IDENTIFIER
- control field: OSt
005 - DATE AND TIME OF LATEST TRANSACTION
- control field: 20180801101000.0
008 - FIXED-LENGTH DATA ELEMENTS
- fixed length control field: 180801|| aca||aabn | a|a d
040 ## - CATALOGING SOURCE
- Original cataloging agency: OSt
100 ## - HEADING--PERSONAL NAME
- Personal name: Shekhar, Lekshmy
